000 00821cab a2200277 4500
001 WB2926-08
008 090401t1993 xxu||||| |||| 00| 0 eng d
035 _a(Sirsi) u67715
041 _aeng
100 _aMinogue, A.
245 4 _aThe problems of building to last
260 _c1993
350 _a0
490 _aCSW - The Property Week
_v44(2) 8 July 1993, 59(1)
520 _aQuestions whether the 1980s building boom has left over-specified buildings and how long the materials used can be expected to last.
650 _aBUILT ENVIRONMENT-BUILDING MATERIALS
650 _aDURABILITY
650 _aLIFESPAN
650 _aOFFICE BUILDINGS
650 _aOVER-SPECIFICATION
650 _aSPECIFICATION
690 _aBUILT ENVIRONMENT
700 _aLamden, B.
942 _n0
948 _c04/03/1997
999 _c42398
_d42398